| 000 | 00854cab a2200217 4500 | ||
|---|---|---|---|
| 001 | X83651 | ||
| 008 | 090401t1997 xxu||||| |||| 00| 0 eng d | ||
| 035 | _a(Sirsi) u78035 | ||
| 041 | _aeng | ||
| 245 | _aBerkshire RCC (Waste Regulation Authority) and Scott | ||
| 260 | _c1997 | ||
| 350 | _a0 | ||
| 490 |
_aPlanning Appeal Decisions _v[1997] 12 PAD 188-193(6) |
||
| 520 | _aRegistration as carrier of controlled waste - Environment Agency - previous appeal for registration - convictions for prescribed offences - suitability - refusal unduly harsh - no pollution - unreasonable to delay registration. HEADNOTE FROM JOURNAL. | ||
| 650 | _aBERKSHIRE RCC (WASTE REGULATION AUTHORITY) AND SCOTT | ||
| 650 | _aCONTROLLED WASTE | ||
| 650 | _aENVIRONMENT AGENCY | ||
| 690 | _aPLANNING LAW AND PRACTICE-CASE LAW | ||
| 942 | _n0 | ||
| 948 | _c29/04/1997 | ||
| 999 |
_c49091 _d49091 |
||